000 00454nam a2200193Ia 4500
008 101110s9999 xx 000 0 und d
041 _aHINDI
082 _bSR9658
_a891.431009
100 _aSinha Savitri
245 _aDinkar Dvitiya S.Sanskaran
365 _b13
520 _aHindi
546 _aHINDI
630 _aDinkar Dvitiya S.Sanskaran
650 _aHindi
655 _aHindi
730 _aDinkar Dvitiya S.Sanskaran
942 _cBOOK
999 _c804742
_d804739